Länder Flagge + Umriss Quiz #1 - Statistiken

Allgemein
  • Dieses Quiz wurde 35.406 mal gespielt
  • Das Durchschnittsergebnis liegt bei 13 aus 16
Antwortstatistiken
Bildquiz Antwort % Korrekt
Brasilien
99%
Indien
99%
Italien
99%
Griechenland
98%
Russland
98%
Kroatien
94%
Mexiko
93%
Ägypten
92%
Neuseeland
89%
Saudi Arabien
89%
Iran
88%
Uruguay
81%
Panama
73%
Mauretanien
46%
Liberia
42%
Brunei
41%
Keine übereinstimmenden Quizze gefunden
Verteilung der Resultate
Anzahl Personen mit jedem Resultat
Perzentil nach korrekt beantworteten Fragen
Ihre Resultats-Entwicklung
Sie haben dieses Quiz noch nicht gespielt